Normal view
MARC view
Entry Personal Name
001 - CONTROL NUMBER
- control field: 8520
003 - CONTROL NUMBER IDENTIFIER
- control field: OSt
005 - DATE AND TIME OF LATEST TRANSACTION
- control field: 20211028145653.0
008 - FIXED-LENGTH DATA ELEMENTS
- fixed length control field: 211028|| aca||aabn | a|a d
040 ## - CATALOGING SOURCE
- Original cataloging agency: OSt
- Transcribing agency: OSt
100 ## - HEADING--PERSONAL NAME
- Personal name: Anand, Megha; Ruban, S.
- Miscellaneous information: 121918
670 ## - SOURCE DATA FOUND
- Source citation: Work cat.: (OSt): Anand, Megha; Ruban, S. 121918, Testing of Yser 2.0- ERP for trading., 2014